[Event "DEM U18w 2025"]
[Site "Willingen GER"]
[Date "2025.06.12"]
[Round "7"]
[White "Fischer, Darja"]
[Black "Reich, Elisabeth"]
[Result "1-0"]
[Termination "normal"]
[Board "5"]
[WhiteElo "1965"]
[BlackElo "1830"]
[WhiteClock "00:14:53"]
[BlackClock "01:09:55"]
[PlyCount "167"]
[WhiteFideId "16240898"]
[BlackFideId "16239776"]
[EventCountry "GER"]
[EventRounds "9"]
[EventType "swiss"]
[EventDate "2025.06.07"]

1. d4 {[%clk 01:30:58]} f5 {[%clk 01:30:56]} {[%emt 00:00:05]} 2. g3 {[%clk
01:31:25]} {[%emt 00:00:03]} Nf6 {[%clk 01:31:22]} {[%emt 00:00:05]} 3. Bg2
{[%clk 01:31:50]} {[%emt 00:00:04]} e6 {[%clk 01:31:47]} {[%emt 00:00:05]} 4.
c4 {[%clk 01:31:49]} {[%emt 00:00:31]} d5 {[%clk 01:32:07]} {[%emt 00:00:09]}
5. Qc2 {[%clk 01:31:52]} {[%emt 00:00:29]} Be7 {[%clk 01:32:13]} {[%emt
00:00:23]} 6. Nh3 {[%clk 01:31:36]} {[%emt 00:00:46]} O-O {[%clk 01:32:35]}
{[%emt 00:00:09]} 7. Bf4 {[%clk 01:28:56]} {[%emt 00:03:10]} c6 {[%clk
01:32:35]} {[%emt 00:00:28]} 8. O-O {[%clk 01:27:58]} {[%emt 00:01:29]} Ne4
{[%clk 01:30:34]} {[%emt 00:02:31]} 9. Bxb8 {[%clk 01:25:11]} {[%emt 00:03:17]}
Rxb8 {[%clk 01:30:54]} {[%emt 00:00:10]} 10. Nf4 {[%clk 01:23:30]} {[%emt
00:02:12]} Bf6 {[%clk 01:27:45]} {[%emt 00:03:38]} 11. e3 {[%clk 01:10:12]}
{[%emt 00:13:48]} Bd7 {[%clk 01:23:46]} {[%emt 00:04:29]} 12. Nd2 {[%clk
00:52:33]} {[%emt 00:18:09]} Qe7 {[%clk 01:19:19]} {[%emt 00:04:57]} 13. Nf3
{[%clk 00:48:23]} {[%emt 00:04:41]} Nd6 {[%clk 01:16:37]} {[%emt 00:03:11]} 14.
c5 {[%clk 00:37:23]} {[%emt 00:11:30]} Nf7 {[%clk 01:16:37]} {[%emt 00:00:30]}
15. Nd3 {[%clk 00:36:30]} {[%emt 00:01:24]} e5 {[%clk 01:16:02]} {[%emt
00:01:03]} 16. dxe5 {[%clk 00:36:31]} {[%emt 00:00:31]} Nxe5 {[%clk 01:16:02]}
{[%emt 00:00:29]} 17. Ndxe5 {[%clk 00:32:50]} {[%emt 00:04:12]} Bxe5 {[%clk
01:16:28]} {[%emt 00:00:03]} 18. Nxe5 {[%clk 00:32:13]} {[%emt 00:01:07]} Qxe5
{[%clk 01:16:57]} {[%emt 00:00:01]} 19. Rfd1 {[%clk 00:32:06]} {[%emt
00:00:37]} Be8 {[%clk 01:14:12]} {[%emt 00:03:13]} 20. Rd4 {[%clk 00:30:53]}
{[%emt 00:01:45]} Bg6 {[%clk 01:09:13]} {[%emt 00:05:28]} 21. Qa4 {[%clk
00:29:05]} {[%emt 00:02:18]} a6 {[%clk 01:09:09]} {[%emt 00:00:34]} 22. Rb4
{[%clk 00:27:05]} {[%emt 00:02:30]} Qe7 {[%clk 01:08:05]} {[%emt 00:01:35]} 23.
Rc1 {[%clk 00:26:45]} {[%emt 00:00:50]} Qc7 {[%clk 01:03:40]} {[%emt 00:04:53]}
24. Rb6 {[%clk 00:25:54]} {[%emt 00:01:23]} Rfd8 {[%clk 01:02:48]} {[%emt
00:01:21]} 25. Qd4 {[%clk 00:25:28]} {[%emt 00:00:57]} Bf7 {[%clk 01:01:48]}
{[%emt 00:01:28]} 26. Rc3 {[%clk 00:25:02]} {[%emt 00:00:58]} Be6 {[%clk
01:01:47]} {[%emt 00:00:29]} 27. Rcb3 {[%clk 00:19:58]} {[%emt 00:05:36]} Bc8
{[%clk 01:00:24]} {[%emt 00:01:53]} 28. R3b4 {[%clk 00:17:59]} {[%emt
00:02:29]} Ra8 {[%clk 01:00:31]} {[%emt 00:00:22]} 29. Qf4 {[%clk 00:16:22]}
{[%emt 00:02:08]} Qe7 {[%clk 00:59:35]} {[%emt 00:01:25]} 30. Qd4 {[%clk
00:16:14]} {[%emt 00:00:38]} Qc7 {[%clk 00:59:35]} {[%emt 00:00:31]} 31. Qc3
{[%clk 00:16:13]} {[%emt 00:00:31]} Qf7 {[%clk 00:58:07]} {[%emt 00:01:57]} 32.
Rd4 {[%clk 00:15:51]} {[%emt 00:00:53]} Qe7 {[%clk 00:57:24]} {[%emt 00:01:12]}
33. Rbb4 {[%clk 00:13:51]} {[%emt 00:02:31]} Rf8 {[%clk 00:57:14]} {[%emt
00:00:40]} 34. Rd2 {[%clk 00:11:56]} {[%emt 00:02:25]} Be6 {[%clk 00:56:51]}
{[%emt 00:00:51]} 35. Rbd4 {[%clk 00:09:46]} {[%emt 00:02:42]} Rae8 {[%clk
00:55:59]} {[%emt 00:01:21]} 36. Qa5 {[%clk 00:09:47]} {[%emt 00:00:30]} Bc8
{[%clk 00:55:54]} {[%emt 00:00:35]} 37. a4 {[%clk 00:08:41]} {[%emt 00:01:36]}
g5 {[%clk 00:55:31]} {[%emt 00:00:53]} 38. Qc3 {[%clk 00:07:02]} {[%emt
00:02:08]} f4 {[%clk 00:53:33]} {[%emt 00:02:30]} 39. e4 {[%clk 00:06:12]}
{[%emt 00:01:20]} f3 {[%clk 00:50:16]} {[%emt 00:03:47]} 40. Bxf3 {[%clk
00:04:39]} {[%emt 00:02:02]} dxe4 {[%clk 00:47:38]} {[%emt 00:03:08]} 41. Rxe4
{[%clk 00:30:03]} {[%emt 00:05:06]} Qf7 {[%clk 01:15:30]} {[%emt 00:02:36]} 42.
Rxe8 {[%clk 00:24:33]} {[%emt 00:06:02]} Rxe8 {[%clk 01:15:43]} {[%emt
00:00:16]} 43. Re2 {[%clk 00:22:12]} {[%emt 00:02:52]} Rf8 {[%clk 01:13:19]}
{[%emt 00:02:53]} 44. Bg2 {[%clk 00:22:31]} {[%emt 00:00:12]} Be6 {[%clk
01:13:07]} {[%emt 00:00:41]} 45. Qe5 {[%clk 00:21:58]} {[%emt 00:01:04]} Bf5
{[%clk 01:12:48]} {[%emt 00:00:47]} 46. g4 {[%clk 00:14:59]} {[%emt 00:07:31]}
Bxg4 {[%clk 01:12:31]} {[%emt 00:00:46]} 47. Qxg5+ {[%clk 00:15:26]} {[%emt
00:00:04]} Qg6 {[%clk 01:12:09]} {[%emt 00:00:51]} 48. Qxg6+ hxg6 {[%clk
01:12:38]} 49. Re7 {[%clk 00:14:44]} {[%emt 00:01:04]} Rf7 {[%clk 01:12:20]}
{[%emt 00:00:47]} 50. Rxf7 {[%clk 00:14:35]} {[%emt 00:00:41]} Kxf7 {[%clk
01:12:47]} {[%emt 00:00:02]} 51. b4 {[%clk 00:12:23]} {[%emt 00:02:42]} Kf6
{[%clk 01:10:49]} {[%emt 00:02:26]} 52. f3 {[%clk 00:12:16]} {[%emt 00:00:40]}
Bf5 {[%clk 01:10:39]} {[%emt 00:00:38]} 53. Kf2 {[%clk 00:11:03]} {[%emt
00:01:44]} Ke5 {[%clk 01:10:30]} {[%emt 00:00:37]} 54. Ke3 {[%clk 00:11:08]}
{[%emt 00:00:27]} Kd5 {[%clk 01:10:37]} {[%emt 00:00:22]} 55. Bf1 {[%clk
00:11:27]} {[%emt 00:00:12]} a5 {[%clk 01:10:14]} {[%emt 00:00:53]} 56. bxa5
{[%emt 00:01:06]} Kxc5 {[%clk 01:10:34]} {[%emt 00:00:10]} 57. a6 {[%clk
00:11:18]} {[%emt 00:00:03]} bxa6 {[%clk 01:10:24]} {[%emt 00:00:40]} 58. Bxa6
{[%clk 00:11:43]} {[%emt 00:00:04]} Kb4 {[%clk 01:07:53]} {[%emt 00:03:02]} 59.
Bd3 {[%clk 00:11:36]} {[%emt 00:00:37]} Bh3 {[%clk 01:06:59]} {[%emt 00:01:24]}
60. Bxg6 {[%clk 00:11:47]} {[%emt 00:00:18]} Kxa4 {[%clk 01:07:23]} {[%emt
00:00:06]} 61. f4 {[%clk 00:11:56]} {[%emt 00:00:22]} Kb5 {[%clk 01:06:45]}
{[%emt 00:01:07]} 62. Kd4 {[%clk 00:11:52]} {[%emt 00:00:35]} Kb6 {[%clk
01:06:53]} {[%emt 00:00:22]} 63. Ke5 {[%clk 00:11:35]} {[%emt 00:00:47]} Kc7
{[%clk 01:07:06]} {[%emt 00:00:17]} 64. Kf6 {[%clk 00:11:01]} {[%emt 00:01:04]}
Kd6 {[%clk 01:06:03]} {[%emt 00:01:32]} 65. Kf7 {[%clk 00:10:53]} {[%emt
00:00:38]} c5 {[%clk 01:05:58]} {[%emt 00:00:36]} 66. Bc2 {[%clk 00:10:34]}
{[%emt 00:00:49]} c4 {[%clk 01:05:04]} {[%emt 00:01:25]} 67. f5 {[%clk
00:10:21]} {[%emt 00:00:43]} Bf1 {[%clk 01:03:43]} {[%emt 00:01:50]} 68. f6
{[%clk 00:10:13]} {[%emt 00:00:38]} Bd3 {[%clk 01:04:01]} {[%emt 00:00:12]} 69.
Kg7 {[%clk 00:09:51]} {[%emt 00:00:52]} Bxc2 {[%clk 01:04:20]} {[%emt
00:00:11]} 70. f7 {[%clk 00:10:16]} {[%emt 00:00:04]} Bd3 {[%clk 01:04:44]}
{[%emt 00:00:07]} 71. f8=Q+ {[%clk 00:10:40]} {[%emt 00:00:06]} Ke5 {[%clk
01:05:09]} {[%emt 00:00:05]} 72. Qf6+ {[%clk 00:10:48]} {[%emt 00:00:21]} Ke4
{[%clk 01:05:35]} {[%emt 00:00:04]} 73. h4 {[%clk 00:11:02]} {[%emt 00:00:17]}
Ke3 {[%clk 01:06:00]} {[%emt 00:00:05]} 74. Qc3 {[%clk 00:11:10]} {[%emt
00:00:22]} Kf4 {[%clk 01:06:24]} {[%emt 00:00:06]} 75. h5 {[%clk 00:11:34]}
{[%emt 00:00:06]} Kg5 {[%clk 01:06:48]} {[%emt 00:00:05]} 76. h6 {[%clk
00:11:59]} {[%emt 00:00:06]} Bf5 {[%clk 01:07:08]} {[%emt 00:00:09]} 77. Qxc4
{[%clk 00:12:08]} {[%emt 00:00:22]} Bb1 {[%clk 01:07:28]} {[%emt 00:00:08]} 78.
Qb5+ {[%clk 00:12:27]} {[%emt 00:00:12]} Kg4 {[%clk 01:07:52]} {[%emt
00:00:05]} 79. Qxb1 {[%clk 00:12:50]} {[%emt 00:00:08]} Kf4 {[%clk 01:08:17]}
{[%emt 00:00:04]} 80. Kf6 {[%clk 00:13:14]} {[%emt 00:00:08]} Kg4 {[%clk
01:08:40]} {[%emt 00:00:06]} 81. h7 {[%clk 00:13:38]} {[%emt 00:00:06]} Kg3
{[%clk 01:09:06]} {[%emt 00:00:04]} 82. h8=Q {[%clk 00:14:00]} {[%emt
00:00:08]} Kg4 {[%clk 01:09:29]} {[%emt 00:00:07]} 83. Qf5+ {[%clk 00:14:24]}
{[%emt 00:00:05]} Kg3 {[%clk 01:09:55]} {[%emt 00:00:05]} 84. Qhh3# {[%clk
00:14:53]} {[%emt 00:00:01]} 1-0

[Event "DEM U18w 2025"]
[Site "Willingen GER"]
[Date "2025.06.12"]
[Round "7"]
[White "Loos, Tilda"]
[Black "Malmström, Eva"]
[Result "0-1"]
[Termination "normal"]
[Board "6"]
[WhiteElo "1779"]
[BlackElo "1929"]
[WhiteClock "00:42:51"]
[BlackClock "00:08:33"]
[PlyCount "92"]
[WhiteFideId "34620559"]
[BlackFideId "34607072"]
[EventCountry "GER"]
[EventRounds "9"]
[EventType "swiss"]
[EventDate "2025.06.07"]

1. e4 {[%clk 01:30:59]} e5 {[%clk 01:30:54]} {[%emt 00:00:06]} 2. Nf3 {[%clk
01:31:25]} {[%emt 00:00:03]} Nc6 {[%clk 01:31:18]} {[%emt 00:00:07]} 3. Bb5
{[%clk 01:31:52]} {[%emt 00:00:03]} a6 {[%clk 01:31:26]} {[%emt 00:00:21]} 4.
Ba4 {[%clk 01:32:18]} {[%emt 00:00:05]} Nf6 {[%clk 01:31:50]} {[%emt 00:00:06]}
5. O-O {[%clk 01:32:43]} {[%emt 00:00:06]} d6 {[%clk 01:32:10]} {[%emt
00:00:09]} 6. Re1 {[%clk 01:33:08]} {[%emt 00:00:05]} b5 {[%clk 01:31:02]}
{[%emt 00:01:38]} 7. Bb3 {[%clk 01:33:34]} {[%emt 00:00:05]} Na5 {[%clk
01:31:24]} {[%emt 00:00:08]} 8. d4 {[%clk 01:33:56]} {[%emt 00:00:08]} Nxb3
{[%clk 01:31:45]} {[%emt 00:00:08]} 9. axb3 {[%clk 01:34:24]} {[%emt 00:00:03]}
exd4 {[%clk 01:31:28]} {[%emt 00:00:46]} 10. Nxd4 {[%clk 01:34:10]} {[%emt
00:00:45]} Bb7 {[%clk 01:30:01]} {[%emt 00:01:56]} 11. Bg5 {[%clk 01:23:55]}
{[%emt 00:10:45]} Be7 {[%clk 01:20:13]} {[%emt 00:10:17]} 12. Nf5 {[%clk
01:15:16]} {[%emt 00:09:09]} O-O {[%clk 01:17:56]} {[%emt 00:02:47]} 13. Nxe7+
{[%clk 01:13:49]} {[%emt 00:01:57]} Qxe7 {[%clk 01:18:20]} {[%emt 00:00:07]}
14. Qd4 {[%clk 01:10:58]} {[%emt 00:03:22]} Rfe8 {[%clk 01:12:58]} {[%emt
00:05:50]} 15. Nd2 {[%clk 01:07:32]} {[%emt 00:03:58]} Qe5 {[%clk 01:09:20]}
{[%emt 00:04:08]} 16. Bxf6 {[%clk 01:07:42]} {[%emt 00:00:21]} Qxf6 {[%clk
01:09:03]} {[%emt 00:00:47]} 17. Qxf6 {[%clk 01:07:41]} {[%emt 00:00:31]} gxf6
{[%clk 01:09:24]} {[%emt 00:00:08]} 18. f3 {[%clk 01:07:56]} {[%emt 00:00:15]}
Re5 {[%clk 01:09:17]} {[%emt 00:00:32]} 19. Kf2 {[%clk 01:07:42]} {[%emt
00:00:49]} Rae8 {[%clk 01:00:36]} {[%emt 00:09:10]} 20. b4 {[%clk 01:07:21]}
{[%emt 00:00:52]} Kf8 {[%clk 00:57:19]} {[%emt 00:03:47]} 21. g4 {[%clk
01:03:40]} {[%emt 00:04:11]} h5 {[%clk 00:54:22]} {[%emt 00:03:27]} 22. f4
{[%clk 01:00:28]} {[%emt 00:03:41]} R5e7 {[%clk 00:53:09]} {[%emt 00:01:42]}
23. gxh5 {[%clk 00:59:45]} {[%emt 00:01:15]} Kg7 {[%clk 00:38:20]} {[%emt
00:15:20]} 24. Kg3 {[%clk 00:54:07]} {[%emt 00:06:08]} f5 {[%clk 00:34:46]}
{[%emt 00:04:02]} 25. e5 {[%clk 00:51:26]} {[%emt 00:03:12]} dxe5 {[%clk
00:34:47]} {[%emt 00:00:29]} 26. fxe5 {[%clk 00:51:40]} {[%emt 00:00:15]} Rxe5
{[%clk 00:35:09]} {[%emt 00:00:08]} 27. Rxe5 {[%clk 00:40:29]} {[%emt
00:11:42]} Rxe5 {[%clk 00:35:16]} {[%emt 00:00:23]} 28. Kf2 {[%clk 00:38:32]}
{[%emt 00:02:26]} c5 {[%clk 00:33:14]} {[%emt 00:02:32]} 29. bxc5 {[%clk
00:36:32]} {[%emt 00:02:31]} Rxc5 {[%clk 00:33:36]} {[%emt 00:00:08]} 30. c3
{[%clk 00:36:46]} {[%emt 00:00:16]} f4 {[%clk 00:29:39]} {[%emt 00:04:19]} 31.
Rg1+ {[%clk 00:31:32]} {[%emt 00:05:51]} Kf8 {[%clk 00:17:25]} {[%emt
00:12:38]} 32. Rg4 {[%clk 00:28:56]} {[%emt 00:03:12]} Rxh5 {[%clk 00:15:53]}
{[%emt 00:02:02]} 33. h4 {[%clk 00:29:07]} {[%emt 00:00:20]} Rf5 {[%clk
00:10:01]} {[%emt 00:06:20]} 34. Nb3 {[%clk 00:28:01]} {[%emt 00:01:38]} Ke7
{[%clk 00:08:09]} {[%emt 00:02:17]} 35. Nd4 {[%clk 00:27:38]} {[%emt 00:00:59]}
Rf6 {[%clk 00:08:22]} {[%emt 00:00:12]} 36. Ne2 {[%clk 00:27:11]} {[%emt
00:01:00]} f3 {[%clk 00:08:35]} {[%emt 00:00:18]} 37. Nd4 {[%clk 00:27:27]}
{[%emt 00:00:15]} Kf8 {[%clk 00:03:53]} {[%emt 00:05:10]} 38. Rg3 {[%clk
00:25:45]} {[%emt 00:02:13]} Rf4 {[%clk 00:03:48]} {[%emt 00:00:32]} 39. Rh3
{[%clk 00:25:39]} {[%emt 00:00:39]} Kg7 {[%clk 00:02:22]} {[%emt 00:01:56]} 40.
Rg3+ {[%clk 00:23:01]} {[%emt 00:03:08]} Kf6 {[%clk 00:00:41]} {[%emt
00:02:11]} 41. Nxf3 {[%clk 00:21:17]} {[%emt 00:02:14]} b4 {[%clk 00:24:20]}
{[%emt 00:06:51]} 42. Ke3 {[%clk 00:41:52]} {[%emt 00:09:56]} Rxf3+ {[%clk
00:07:27]} {[%emt 00:17:23]} 43. Rxf3+ {[%clk 00:42:14]} {[%emt 00:00:07]} Bxf3
{[%clk 00:07:49]} {[%emt 00:00:08]} 44. Kxf3 {[%clk 00:42:37]} {[%emt
00:00:07]} bxc3 {[%clk 00:08:08]} {[%emt 00:00:11]} 45. bxc3 {[%clk 00:43:01]}
{[%emt 00:00:06]} a5 {[%clk 00:08:33]} {[%emt 00:00:05]} 46. Ke3 {[%clk
00:42:51]} {[%emt 00:00:41]} a4 {[%emt 00:01:03]} 0-1

[Event "DEM U18w 2025"]
[Site "Willingen GER"]
[Date "2025.06.12"]
[Round "7"]
[White "Englert, Lin"]
[Black "Fetahovic, Sarah"]
[Result "1-0"]
[Termination "normal"]
[Board "7"]
[WhiteElo "1797"]
[BlackElo "1883"]
[WhiteClock "00:27:45"]
[BlackClock "00:00:34"]
[PlyCount "59"]
[WhiteFideId "16226410"]
[BlackFideId "34601546"]
[EventCountry "GER"]
[EventRounds "9"]
[EventType "swiss"]
[EventDate "2025.06.07"]

1. d4 {[%clk 01:30:58]} {[%emt 00:00:02]} Nf6 {[%clk 01:30:53]} {[%emt
00:00:07]} 2. c4 {[%clk 01:31:10]} {[%emt 00:00:18]} e6 {[%clk 01:31:18]}
{[%emt 00:00:05]} 3. Nc3 {[%clk 01:31:27]} {[%emt 00:00:14]} Bb4 {[%clk
01:31:43]} {[%emt 00:00:05]} 4. e3 {[%clk 01:31:23]} {[%emt 00:00:33]} O-O
{[%clk 01:32:01]} {[%emt 00:00:13]} 5. Nge2 {[%clk 01:29:43]} {[%emt 00:02:09]}
d5 {[%clk 01:28:52]} {[%emt 00:03:40]} 6. a3 {[%clk 01:28:10]} {[%emt
00:02:02]} Be7 {[%clk 01:27:31]} {[%emt 00:01:52]} 7. Ng3 {[%clk 01:24:44]}
{[%emt 00:03:56]} c5 {[%clk 01:22:58]} {[%emt 00:05:03]} 8. dxc5 {[%clk
01:17:11]} {[%emt 00:08:03]} dxc4 {[%clk 01:22:05]} {[%emt 00:01:23]} 9. Qxd8
{[%clk 01:14:52]} {[%emt 00:02:49]} Rxd8 {[%clk 01:22:14]} {[%emt 00:00:20]}
10. Bxc4 {[%clk 01:13:49]} {[%emt 00:01:33]} Bxc5 {[%clk 01:21:59]} {[%emt
00:00:47]} 11. b4 {[%clk 01:12:39]} {[%emt 00:01:39]} Be7 {[%clk 01:19:19]}
{[%emt 00:03:09]} 12. O-O {[%clk 01:06:37]} {[%emt 00:06:32]} b6 {[%clk
01:15:11]} {[%emt 00:04:39]} 13. Bb2 {[%clk 01:05:07]} {[%emt 00:01:59]} Bb7
{[%clk 01:13:21]} {[%emt 00:02:20]} 14. Rfd1 {[%clk 01:03:30]} {[%emt
00:02:06]} Rc8 {[%clk 00:35:17]} {[%emt 00:38:35]} 15. Be2 {[%clk 00:58:56]}
{[%emt 00:05:03]} a6 {[%clk 00:35:07]} {[%emt 00:00:41]} 16. Na4 {[%clk
00:55:40]} {[%emt 00:03:45]} Nfd7 {[%clk 00:15:55]} {[%emt 00:19:43]} 17. Rac1
{[%clk 00:47:58]} {[%emt 00:08:12]} b5 {[%clk 00:12:37]} {[%emt 00:03:49]} 18.
Rxc8+ {[%clk 00:47:26]} {[%emt 00:01:01]} Bxc8 {[%clk 00:13:03]} {[%emt
00:00:05]} 19. Rc1 {[%clk 00:45:07]} {[%emt 00:02:48]} Bb7 {[%clk 00:12:30]}
{[%emt 00:01:03]} 20. Rc7 {[%clk 00:43:37]} {[%emt 00:02:00]} Bd5 {[%clk
00:09:32]} {[%emt 00:03:29]} 21. Nc5 {[%emt 00:16:10]} Nxc5 {[%clk 00:03:43]}
{[%emt 00:00:05]} 22. Rxe7 {[%clk 00:31:07]} {[%emt 00:03:33]} Ncd7 {[%clk
00:01:44]} {[%emt 00:02:29]} 23. Re8+ {[%clk 00:31:00]} {[%emt 00:00:37]} Nf8
{[%clk 00:02:11]} {[%emt 00:00:03]} 24. Bf3 {[%clk 00:28:23]} {[%emt 00:03:07]}
Bxf3 {[%clk 00:02:37]} {[%emt 00:00:04]} 25. gxf3 {[%clk 00:28:48]} {[%emt
00:00:05]} f6 {[%clk 00:02:03]} {[%emt 00:01:04]} 26. Ne4 {[%clk 00:28:08]}
{[%emt 00:01:10]} h5 {[%clk 00:00:47]} {[%emt 00:01:46]} 27. Bd4 {[%clk
00:27:07]} {[%emt 00:01:30]} f5 {[%clk 00:00:34]} {[%emt 00:00:43]} 28. Ng5
{[%clk 00:27:12]} {[%emt 00:00:26]} a5 {[%clk 00:00:33]} {[%emt 00:00:32]} 29.
Bc5 {[%clk 00:27:21]} {[%emt 00:00:20]} axb4 {[%clk 00:00:34]} {[%emt
00:00:29]} 30. Rxf8# {[%clk 00:27:45]} {[%emt 00:00:06]} 1-0

[Event "DEM U18w 2025"]
[Site "Willingen GER"]
[Date "2025.06.12"]
[Round "7"]
[White "Wilmink, Anna"]
[Black "Ottlik, Marie"]
[Result "1-0"]
[Termination "normal"]
[Board "8"]
[WhiteTitle "WCM"]
[WhiteElo "1995"]
[BlackElo "1744"]
[WhiteClock "00:12:13"]
[BlackClock "00:18:37"]
[PlyCount "114"]
[WhiteFideId "16273680"]
[BlackFideId "16281730"]
[EventCountry "GER"]
[EventRounds "9"]
[EventType "swiss"]
[EventDate "2025.06.07"]

1. e4 {[%clk 01:30:58]} {[%emt 00:00:02]} c5 {[%clk 01:30:55]} {[%emt
00:00:05]} 2. Nf3 {[%clk 01:31:24]} {[%emt 00:00:04]} d6 {[%clk 01:31:21]}
{[%emt 00:00:04]} 3. c3 {[%clk 01:31:45]} {[%emt 00:00:08]} Nf6 {[%clk
01:30:30]} {[%emt 00:01:21]} 4. Bd3 {[%clk 01:32:08]} {[%emt 00:00:08]} Nc6
{[%clk 01:29:56]} {[%emt 00:01:04]} 5. Bc2 {[%clk 01:32:10]} {[%emt 00:00:28]}
Bg4 {[%clk 01:20:54]} {[%emt 00:09:32]} 6. h3 {[%clk 01:32:25]} {[%emt
00:00:15]} Bxf3 {[%clk 01:14:48]} {[%emt 00:06:35]} 7. Qxf3 {[%clk 01:31:48]}
{[%emt 00:01:08]} e6 {[%clk 01:14:12]} {[%emt 00:01:06]} 8. O-O {[%clk
01:26:26]} {[%emt 00:05:51]} Be7 {[%clk 01:08:10]} {[%emt 00:06:33]} 9. Re1
{[%clk 01:22:45]} {[%emt 00:04:10]} O-O {[%clk 01:04:57]} {[%emt 00:03:44]} 10.
d3 {[%clk 01:17:24]} {[%emt 00:05:51]} Re8 {[%clk 01:01:05]} {[%emt 00:04:22]}
11. Qd1 {[%clk 01:08:58]} {[%emt 00:08:55]} Qc7 {[%clk 00:55:32]} {[%emt
00:06:03]} 12. f4 {[%clk 01:04:01]} {[%emt 00:05:27]} b5 {[%clk 00:51:21]}
{[%emt 00:04:41]} 13. Be3 {[%clk 01:01:52]} {[%emt 00:02:40]} Rac8 {[%clk
00:44:01]} {[%emt 00:07:49]} 14. Bf2 {[%clk 00:56:49]} {[%emt 00:05:34]} Red8
{[%clk 00:39:03]} {[%emt 00:05:28]} 15. Nd2 {[%clk 00:54:24]} {[%emt 00:02:55]}
a5 {[%clk 00:35:30]} {[%emt 00:04:03]} 16. Rc1 {[%clk 00:52:04]} {[%emt
00:02:50]} e5 {[%clk 00:26:45]} {[%emt 00:09:14]} 17. Bg3 {[%clk 00:50:41]}
{[%emt 00:01:53]} Bf8 {[%clk 00:20:13]} {[%emt 00:07:02]} 18. Nf1 {[%clk
00:47:17]} {[%emt 00:03:54]} b4 {[%clk 00:17:14]} {[%emt 00:03:30]} 19. Qf3
{[%clk 00:44:00]} {[%emt 00:03:47]} Rb8 {[%clk 00:16:35]} {[%emt 00:01:09]} 20.
Ne3 {[%clk 00:43:14]} {[%emt 00:01:17]} bxc3 {[%clk 00:15:53]} {[%emt
00:01:12]} 21. bxc3 {[%clk 00:43:30]} {[%emt 00:00:14]} Rb2 {[%clk 00:16:09]}
{[%emt 00:00:13]} 22. Bb3 {[%clk 00:40:54]} {[%emt 00:03:06]} a4 {[%clk
00:14:33]} {[%emt 00:02:06]} 23. Nc4 {[%clk 00:40:38]} {[%emt 00:00:45]} axb3
{[%clk 00:13:05]} {[%emt 00:01:58]} 24. Nxb2 {[%clk 00:37:34]} {[%emt
00:03:34]} bxa2 {[%clk 00:13:28]} {[%emt 00:00:07]} 25. Ra1 {[%clk 00:37:21]}
{[%emt 00:00:43]} Ra8 {[%clk 00:13:19]} {[%emt 00:00:40]} 26. Nc4 {[%clk
00:36:22]} {[%emt 00:01:29]} Qb8 {[%clk 00:12:48]} {[%emt 00:01:00]} 27. Qe2
{[%clk 00:34:42]} {[%emt 00:02:10]} exf4 {[%clk 00:11:13]} {[%emt 00:02:06]}
28. Bxf4 {[%clk 00:34:46]} {[%emt 00:00:26]} Qb3 {[%clk 00:11:31]} {[%emt
00:00:11]} 29. Rec1 {[%clk 00:29:32]} {[%emt 00:05:45]} d5 {[%clk 00:08:40]}
{[%emt 00:03:21]} 30. exd5 {[%clk 00:21:38]} {[%emt 00:08:24]} Nxd5 {[%clk
00:08:57]} {[%emt 00:00:13]} 31. Bd2 {[%clk 00:21:23]} {[%emt 00:00:45]} Nf6
{[%clk 00:02:55]} {[%emt 00:06:32]} 32. Qd1 {[%clk 00:20:08]} {[%emt 00:01:45]}
Qb5 {[%clk 00:01:31]} {[%emt 00:01:53]} 33. Rc2 {[%clk 00:18:47]} {[%emt
00:01:52]} Qb3 {[%clk 00:01:48]} {[%emt 00:00:13]} 34. Qc1 {[%clk 00:18:03]}
{[%emt 00:01:14]} Nd7 {[%clk 00:01:30]} {[%emt 00:00:48]} 35. Qb2 {[%clk
00:17:25]} {[%emt 00:01:08]} Qxb2 {[%clk 00:01:11]} {[%emt 00:00:48]} 36. Rxb2
{[%clk 00:17:18]} {[%emt 00:00:38]} Nde5 {[%clk 00:01:32]} {[%emt 00:00:08]}
37. Nxe5 {[%clk 00:17:00]} {[%emt 00:00:49]} Nxe5 {[%clk 00:01:56]} {[%emt
00:00:06]} 38. d4 {[%clk 00:15:10]} {[%emt 00:02:19]} cxd4 {[%clk 00:02:08]}
{[%emt 00:00:19]} 39. cxd4 {[%clk 00:15:20]} {[%emt 00:00:19]} Nc4 {[%clk
00:02:28]} {[%emt 00:00:10]} 40. Rbxa2 {[%clk 00:15:19]} {[%emt 00:00:32]} Rxa2
{[%clk 00:02:40]} {[%emt 00:00:18]} 41. Rxa2 {[%clk 00:15:33]} {[%emt
00:00:16]} Nxd2 {[%clk 00:02:48]} {[%emt 00:00:22]} 42. Rxd2 {[%clk 00:15:56]}
{[%emt 00:00:07]} f6 {[%clk 00:02:19]} {[%emt 00:00:59]} 43. Kf2 {[%clk
00:11:09]} {[%emt 00:05:17]} Kf7 {[%clk 00:01:25]} {[%emt 00:01:24]} 44. Re2
{[%clk 00:08:19]} {[%emt 00:03:20]} Bd6 {[%clk 00:29:14]} {[%emt 00:02:40]} 45.
Kf3 {[%clk 00:37:37]} {[%emt 00:01:12]} g6 {[%clk 00:27:49]} {[%emt 00:01:55]}
46. g4 {[%clk 00:33:07]} {[%emt 00:05:00]} h6 {[%clk 00:25:16]} {[%emt
00:03:03]} 47. Re3 {[%clk 00:25:55]} {[%emt 00:07:43]} Bc7 {[%clk 00:22:45]}
{[%emt 00:02:59]} 48. Ke2 {[%clk 00:25:16]} {[%emt 00:01:11]} Bf4 {[%clk
00:21:32]} {[%emt 00:01:43]} 49. Re4 {[%clk 00:25:09]} {[%emt 00:00:37]} Bd6
{[%clk 00:21:30]} {[%emt 00:00:30]} 50. Kd3 {[%clk 00:24:57]} {[%emt 00:00:43]}
f5 {[%clk 00:20:38]} {[%emt 00:01:23]} 51. gxf5 {[%clk 00:24:13]} {[%emt
00:01:14]} gxf5 {[%clk 00:21:02]} {[%emt 00:00:06]} 52. Re1 {[%clk 00:18:29]}
{[%emt 00:06:14]} f4 {[%clk 00:21:09]} {[%emt 00:00:23]} 53. Ke4 {[%clk
00:17:16]} {[%emt 00:01:42]} Ke6 {[%clk 00:20:17]} {[%emt 00:01:21]} 54. Rf1
{[%clk 00:17:30]} {[%emt 00:00:17]} Bc7 {[%clk 00:19:09]} {[%emt 00:01:38]} 55.
h4 {[%clk 00:15:57]} {[%emt 00:02:03]} Bd6 {[%clk 00:19:04]} {[%emt 00:00:35]}
56. h5 {[%clk 00:12:21]} {[%emt 00:04:07]} Bc7 {[%clk 00:18:37]} {[%emt
00:00:58]} 57. Rg1 {[%clk 00:12:13]} {[%emt 00:00:36]} Kd5+ {[%emt 00:03:42]}
1-0